000 01237cam a2200313 i 4500
001 1785
003 Mx-PuUPA
005 20250613152222.0
008 140415s1988 mx a 000 0 spa d
020 _a9684516185
040 _aMx-PuUPA
_bspa
_cMx-PuUPA
_dMx-PuUPA
_erda
041 1 _aspa
_heng
100 1 _aSkandalakis, John Elias,
_d1920-
_eautor
_94765
240 1 0 _aAnatomical complications in general surgery.
_lEspañol
245 1 0 _aComplicaciones anatómicas en cirugía general /
_cJohn E. Skandalakis, Stephen W. Gray, Joseph S. Rowe ; traducción, Dr. Adolfo Domínguez Pérez
264 1 _aMéxico, D.F. :
_bMcGraw Hill de México,
_c1984
300 _axi, 341 páginas : ilustraciones ; 28 cm
336 _2rdaconten
_atexto
_btxt
337 _2rdamedia
_asin medio
_bn
338 _2rdacarrier
_avolumen
_bnc
650 7 _2armarc
_aAnatomía topográfica
700 1 _aGray, Stephen W.,
_eautor
700 1 _aRowe, Joseph S.,
_eautor
700 1 _aDomínguez Pérez, Adolfo,
_etraductor
765 0 _aSkandalakis, John E.
_dUSA : McGraw-Hill, ©1983
_tAnatomical complications in general surgery.
_z0070577854
942 _2ddc
_cLI
_h617.01
_iS4318
999 _c1785
_d1785